Normal view
MARC view
- Wunsch, Donald C
Entry Personal Name
001 - CONTROL NUMBER
- control field: 83321
003 - CONTROL NUMBER IDENTIFIER
- control field: NUST
005 - DATE AND TIME OF LATEST TRANSACTION
- control field: 20211021104759.0
008 - FIXED-LENGTH DATA ELEMENTS
- fixed length control field: 211021|| aca||aabn | a|a d
040 ## - CATALOGING SOURCE
- Original cataloging agency: NUST
- Transcribing agency: NUST
100 ## - HEADING--PERSONAL NAME
- Personal name: Wunsch, Donald C
670 ## - SOURCE DATA FOUND
- Source citation: Work cat.: (NUST)32964: Kussulʹ, Ė. M. 83317, Neural networks and micromechanics /, c2010.
